LEADER 01191nam a2200277 a 4500 001 000000142196 003 CaOOAMICUS 005 20150310124520.0 008 150310s1970 it af u000 u ita r 040 $aPUL$bita 100 1 $aGinzburg, Carlo,$d1939-$0(OLS)http://pul/name/3769 245 13$aIl nicodemismo :$bsimulazione e dissimulazione religiosa nell'Europa del '500 /$cCarlo Ginzburg. 260 $aTorino :$bEinaudi,$c1970. 300 $aXVIII, 223 p., [3] c. di tav. :$bill. ;$c22 cm 490 1 $aBiblioteca di cultura storica ;$v107 500 $aContiene indici. 504 $aBibliografia in nota. 650 4$aNicodemismo.$0(OLS)http://pul/subject/41368 830 0$aBiblioteca di cultura storica (Einaudi) ;$v107.$0(OLS)http://pul/title/1254 850 $aPUL 852 $aPUL$W1$xDP1 Fondo Capitani$y116$m10 C 92$j164119$qFondi$B164209$CPULBib$Z2$F164209 $HCap2061 $82 941 1 $a1 961 $aNota ms. di possesso: Capitani. 996 $6245$aIl nicodemismo :$bsimulazione e dissimulazione religiosa nell'Europa del '500$9(OLS)http://pul/title/179993 996 $6260$aTorino :$bEinaudi$9(OLS)http://pul/publisher/48130 LEADER 01337nam a2200337 a 4500 001 000000160146 003 CaOOAMICUS 005 20170411095833.0 008 170411s2017 it u000 u ita r 020 $a978-88-498-5004-8* 032 $aLibriCat 040 $aPUL$bita 082 04$a341.481 100 1 $aPossenti, Vittorio,$d1938-$0(OLS)http://pul/name/1995 245 10$aDiritti umani :$bl'età delle pretese /$cVittorio Possenti. 260 $aSoveria Mannelli :$bRubbettino,$c©2017. 300 $a166 p. ;$c23 cm. 490 1 $aSaggi. Filosofia ;$v374 500 $aInclude indice. 504 $aBibliografia in nota. 650 4$aDiritti umani.$0(OLS)http://pul/subject/3219 830 0$aSaggi (Rubettino).$pFilosofia ;$v374.$0(OLS)http://pul/title/158965 850 $aPUL 852 $aPUL$W1$xSL Diritto e Scienze Sociali 3$y79$m341. 481 POSVI 2$j183746$qDDC 21$B186954$CPULBib$Z2$F186954 $H129430 $81 941 1 $a9 960 $aDiritti dell'uomo$93219 996 $6020$a978-88-498-5004-8*$9(OLS)http://pul/number/162471 996 $6082$a341.481$9(OLS)http://pul/classification/2000 996 $6245$aDiritti umani :$bl'età delle pretese$9(OLS)http://pul/title/199794 996 $6260$aSoveria Mannelli :$bRubbettino$9(OLS)http://pul/publisher/51639